[Event "Landesliga S9495 Bayern"]
[Site "Germany"]
[Date "1995.??.??"]
[Round "3"]
[White "Taggatz, Mario"]
[Black "Weiner, Ossi"]
[Result "0-1"]
[WhiteElo "2005"]
[BlackElo "2150"]

1.d4 d5 2.c4 c6 3.Nf3 Nf6 4.Nc3 a6 5.e3 e6 6.Qc2 b5 7.b3 Nbd7 8.Bb2 Bb7 9.Rd1 Bd6
10.Bd3 O-O 11.O-O Rc8 12.Ne2 bxc4 13.bxc4 dxc4 14.Qxc4 c5 15.dxc5 Rxc5 16.Qd4 Bxf3
17.gxf3 Be5 18.Qxc5 Nxc5 19.Bxh7+ Nxh7 20.Rxd8 Bxb2 21.Rd6 Rc8 22.Rb1 Be5
23.Rdb6 Bc7 24.R6b4 Nf6 25.Kg2 Nfd7 26.Rc4 Kf8 27.Nd4 Bd6 28.Rb7 Ra8 29.Rb1 Ke7
30.Nc6+ Kf6 31.Rd1 Bc7 32.Nb4 Ra7 33.Nd3 Nxd3 34.Rxd3 Ne5 35.Rf4+ Ke7 36.Ra3 Bd6
37.Rb3 Rc7 38.Ra4 Nd7 39.Rb1 Nc5 40.Rc4 Rb7 41.Rbc1 Nd3 42.R1c3 Ne1+ 43.Kf1 Nxf3
44.Rc6 Nxh2+ 45.Kg2 a5 46.Rd3 Bb8 47.Ra3 Rb5 48.Ra6 Rg5+ 49.Kh3 Nf3 50.R6xa5 f5
51.Rb3 Ng1+ 52.Kh4 Rg4+ 53.Kh5 Kf6  0-1

[Event "Graz op"]
[Site "Graz"]
[Date "1995.??.??"]
[Round "4"]
[White "Wells, Peter K"]
[Black "Wohlfahrt, Herbert J"]
[Result "1-0"]
[WhiteElo "2545"]
[BlackElo "2235"]

1.Nf3 Nf6 2.c4 c6 3.d4 d5 4.Nc3 a6 5.e3 b5 6.b3 Bg4 7.Be2 e6 8.O-O Nbd7 9.h3 Bh5
10.Bb2 Be7 11.Ne5 Bxe2 12.Nxe2 Nxe5 13.dxe5 Nd7 14.Nd4 Rc8 15.cxd5 cxd5 16.Rc1 Rxc1
17.Qxc1 Bc5 18.Ba3 b4 19.Bxb4 Bxb4 20.Nc6 Qh4 21.Nxb4 O-O 22.Nc6 Qe4 23.Rd1 Kh8
24.Rd4 Qg6 25.Qa3 Qb1+ 26.Kh2 Qc2 27.Qd6  1-0

[Event "Gyongyos op "]
[Site "Gyongyos"]
[Date "1995.??.??"]
[Round "?"]
[White "Sergienko, Sergey"]
[Black "Dovzik, Juri"]
[Result "1-0"]
[WhiteElo "2400"]
[BlackElo "2380"]

1.d4 d5 2.c4 c6 3.Nf3 Nf6 4.Nc3 a6 5.c5 Nbd7 6.Bf4 Nh5 7.e3 Nxf4 8.exf4 Qc7
9.Qd2 g6 10.Bd3 Bh6 11.g3 O-O 12.h4 e5 13.Nxe5 Re8 14.Qc2 f6 15.Bxg6 Re7
16.Bxh7+ Rxh7 17.Qg6+ Rg7 18.Qxh6 fxe5 19.fxe5 Nf8 20.h5 Bg4 21.Rh4 Qf7 22.Qf6 Bxh5
23.Qxf7+ Bxf7 24.Ke2 Re8 25.Rah1 Bg6 26.g4 Bh7 27.Ke3 Ng6 28.Rh5 Nf8 29.f3 Ree7
30.Ne2 Bg6 31.Rh8+ Kf7 32.R1h6 Rh7 33.f4 Rxh6 34.Rxh6 Kg7 35.Rh2 Bb1 36.f5 Nh7
37.Nc3 Be4 38.Kf4 Rd7 39.Rh5 Bd3 40.Rh3 Bc2 41.Rh2 Bd3 42.Nd1 Bb1 43.a3 Rd8
44.Ne3 Rh8 45.g5 Nf8 46.Rxh8 Kxh8 47.e6  1-0

[Event "Gyongyos op "]
[Site "Gyongyos"]
[Date "1995.??.??"]
[Round "?"]
[White "Berebora, Ferenc"]
[Black "Dovzik, Juri"]
[Result "0-1"]
[WhiteElo "2400"]
[BlackElo "2380"]

1.d4 d5 2.Nf3 c6 3.c4 Nf6 4.Nc3 a6 5.c5 Nbd7 6.Bf4 g6 7.h3 Bg7 8.e3 O-O 9.Be2 Ne8
10.O-O Nc7 11.Bg3 Re8 12.Na4 e5 13.dxe5 Nxe5 14.e4 Qe7 15.Nb6 Rb8 16.exd5 Qxc5
17.Nxc8 Rbxc8 18.d6 Nd5 19.Bxe5 Rxe5 20.Nxe5 Bxe5 21.Qb3 Bxd6 22.Qxb7 Rb8
23.Qxa6 Rxb2 24.Rac1 Nc3 25.Bf3 Qe5 26.g3 Bc5 27.Qc8+ Kg7 28.Qg4 Rb4 29.Rce1 Qf6
30.Be4 h5 31.Qf3 Nxe4 32.Qxf6+ Kxf6 33.Rc1 Rb2 34.Rc4 Ke5 35.Kg2 Rxa2  0-1

[Event "Wch U20"]
[Site "Halle"]
[Date "1995.??.??"]
[Round "7"]
[White "Pelletier, Yannick"]
[Black "Sammalvuo, Tapani"]
[Result "1/2-1/2"]
[WhiteElo "2460"]
[BlackElo "2310"]

1.d4 Nf6 2.c4 c6 3.Nc3 d5 4.Nf3 a6 5.Ne5 Nbd7 6.cxd5 Nxe5 7.dxe5 Nxd5 8.Nxd5 Qxd5
9.Qxd5 cxd5 10.Bd2 Bf5 11.Rc1 Rc8 12.Rxc8+ Bxc8 13.e3 Bf5 14.Be2 e6 15.Bc3 Kd7
16.Kd2 Be7 17.Rc1 Rc8 18.a3 Be4 19.g3 Rc7  1/2-1/2

[Event "Wch U20 Girls"]
[Site "Halle"]
[Date "1995.??.??"]
[Round "10"]
[White "Hoang Than Trang"]
[Black "Zhukova, Natalia"]
[Result "0-1"]
[WhiteElo "2405"]
[BlackElo "2360"]

1.d4 d5 2.c4 c6 3.Nf3 Nf6 4.Nc3 a6 5.e3 b5 6.b3 Bg4 7.h3 Bxf3 8.Qxf3 bxc4
9.bxc4 e5 10.dxe5 Bb4 11.Bd2 Bxc3 12.Bxc3 Ne4 13.Qg4 Nxc3 14.Qxg7 Rf8 15.Bd3 Ne4
16.O-O Qg5 17.Qxg5 Nxg5 18.cxd5 cxd5 19.h4 Ne6 20.Bxh7 Rh8 21.Bf5 Rxh4 22.Rfd1 Nc6
23.Rxd5 Ne7 24.Bxe6 fxe6 25.Rd6 Kf7 26.f4 Rc8 27.Rb1 Rc2 28.Rb7 Rg4 29.Rdd7 Rgxg2+
30.Kh1 Rh2+ 31.Kg1 Rhd2 32.Rxe7+ Kf8 33.Rf7+ Ke8  0-1

[Event "Wch U20"]
[Site "Halle"]
[Date "1995.??.??"]
[Round "10"]
[White "Vescovi, Giovanni"]
[Black "Sammalvuo, Tapani"]
[Result "1/2-1/2"]
[WhiteElo "2465"]
[BlackElo "2310"]

1.d4 d5 2.c4 c6 3.Nc3 Nf6 4.Nf3 a6 5.c5 g6 6.g3 Bg7 7.Bg2 O-O 8.O-O Nbd7
9.b4 a5 10.bxa5 Ne4 11.Bb2 Nxc3 12.Bxc3 Nxc5 13.Rc1 Ne4 14.Bb4 Nd6 15.Ne5 Re8  1/2-1/2

[Event "Hania op"]
[Site "Hania"]
[Date "1995.??.??"]
[Round "5"]
[White "Banikas, Hristos"]
[Black "Mastrokoukos, Georgios"]
[Result "1/2-1/2"]
[WhiteElo "2375"]
[BlackElo "2420"]

1.d4 Nf6 2.Nf3 d5 3.c4 c6 4.Nc3 a6 5.c5 b6 6.cxb6 Qxb6 7.g3 e6 8.Bg2 Nbd7
9.O-O c5 10.Na4 Qb8 11.dxc5 Nxc5 12.Bf4 Qb5 13.Nxc5 Bxc5  1/2-1/2

[Event "Hastings Masters"]
[Site "Hastings"]
[Date "1995.??.??"]
[Round "6"]
[White "Buckley, Graeme"]
[Black "Bouchaud, Vincent"]
[Result "1-0"]
[WhiteElo "2355"]
[BlackElo "2180"]

1.d4 d5 2.c4 c6 3.Nf3 Nf6 4.Nc3 a6 5.e3 b5 6.cxd5 cxd5 7.Ne5 e6 8.Bd3 Be7
9.Qf3 Bb7 10.g4 Nc6 11.Nxf7 Kxf7 12.g5 Qd6 13.gxf6 Bxf6 14.Bd2 e5 15.Qg3 Rad8
16.dxe5 Nxe5 17.Bc2 b4 18.Na4 Rc8 19.Bb3 Rhd8 20.O-O a5 21.e4 Bh4 22.Qh3 Qg6+
23.Kh1 Qxe4+ 24.f3 Qd3 25.Rad1 Bf6 26.Nb6 Qb5 27.Nxc8 Bxc8 28.Qxh7 Qe2 29.Bf4 Ng6
30.Qh5 a4 31.Rfe1 Qxe1+ 32.Rxe1 axb3 33.axb3 d4 34.Rg1  1-0

[Event "Hillerod Politiken"]
[Site "Hillerod"]
[Date "1995.??.??"]
[Round "9"]
[White "Ahlander, Bjorn"]
[Black "Schandorff, Lars"]
[Result "1/2-1/2"]
[WhiteElo "2400"]
[BlackElo "2450"]

1.d4 d5 2.c4 c6 3.Nc3 Nf6 4.Nf3 a6 5.c5 Nbd7 6.Bf4 g6 7.h3 Bg7 8.e3 O-O 9.Be2 Ne8
10.O-O Nc7 11.Bh2 Re8 12.Na4 f6 13.Qb3 Kh8 14.Rad1 e5 15.dxe5 fxe5 16.e4 d4
17.Rc1 Ne6 18.Rfd1 Qe7 19.Qc2 Rf8 20.Rf1 Nf4 21.Kh1 Bh6 22.Bxf4 Bxf4 23.Rcd1 Rb8
24.g3 Bh6 25.Kg2 Nf6 26.Nb6 Nd7 27.Nxc8 Rfxc8 28.b4 a5 29.Ne1 Re8 30.a3 axb4
31.axb4 b6 32.cxb6 Qxb4 33.Qxc6 Nxb6 34.Nd3 Qa4 35.Qc7 Qd7 36.Qxd7 Nxd7 37.Rb1 Rxb1
38.Rxb1 Nf6 39.Bf3 Bf8 40.Rb7 Kg8 41.h4 Bd6 42.Rb6 Rd8 43.Nb2 Kf7 44.Nc4 Ke7
45.g4 Ne8 46.Rc6 h6 47.g5 hxg5 48.hxg5 Kf8 49.Bg4 d3 50.Ra6 Bc7 51.Rxg6 Rd4
52.Rc6 d2 53.Ne3 Rxe4 54.Bh5 Bd8 55.Rh6 Bxg5 56.Rh8+ Kg7 57.Rxe8 Bxe3 58.fxe3 Rxe3
59.Kf2 Re1 60.Rd8 e4 61.Be2 e3+ 62.Kf3 Kf6  1/2-1/2

[Event "HUN-chT2 9495"]
[Site "HUN"]
[Date "1995.??.??"]
[Round "?"]
[White "Husek, Zdenek"]
[Black "Acs, Peter"]
[Result "0-1"]
[WhiteElo "2270"]
[BlackElo "2215"]

1.d4 d5 2.c4 c6 3.Nc3 Nf6 4.Nf3 a6 5.e3 b5 6.cxd5 cxd5 7.Bd3 Bg4 8.Qb3 Bxf3
9.gxf3 e6 10.a4 b4 11.Ne2 Nc6 12.a5 Be7 13.Qa4 Qd7 14.Bd2 O-O 15.f4 Ne4 16.Nc1 f6
17.Qc2 e5 18.Bxe4 dxe4 19.Qc4+ Kh8 20.d5 Nd8 21.Ne2 Nf7 22.Qxe4 f5 23.Qg2 e4
24.Rg1 g6 25.Rd1 Rab8 26.Nd4 Qxd5 27.Qf1 Ra8 28.Rc1 Rfd8 29.Qe2 Bf6 30.Bxb4 Bxd4
31.exd4 Rdc8 32.Rxc8+ Rxc8 33.Bc5 Rc6 34.b4 Nd6 35.Rg3 Nb5 36.Qb2 Rc7 37.Re3 Rd7
38.Re2 h6 39.Qa2 Nxd4 40.Qxd5 Nf3+ 41.Kd1 Rxd5+ 42.Kc2 Kg7 43.Kb2 Nxh2 44.Kb3 Nf3
45.Kc4 Rd3 46.Be3 h5 47.b5 axb5+ 48.Kxb5 h4 49.Ra2 h3 50.a6 h2 51.Ra1 Ng1
52.a7 Rd8 53.Kc6 h1=Q 54.Rb1 Qh8  0-1

[Event "HUN-chT1"]
[Site "HUN"]
[Date "1995.??.??"]
[Round "?"]
[White "Hardicsay, Peter"]
[Black "Tolnai, Tibor"]
[Result "1/2-1/2"]
[WhiteElo "2365"]
[BlackElo "2470"]

1.d4 Nf6 2.Nf3 d5 3.c4 c6 4.Nc3 a6 5.cxd5 cxd5 6.Bf4 e6 7.e3 Be7 8.Bd3 O-O
9.Rc1 b5 10.Ne5 Bb7 11.O-O Qb6 12.Bg5 h6 13.Bh4 Qd8 14.Bb1 Nbd7 15.Qd3  1/2-1/2

[Event "Katowice op"]
[Site "Katowice"]
[Date "1995.??.??"]
[Round "2"]
[White "Urban, Klaudiusz"]
[Black "Widera, Jan"]
[Result "1-0"]
[WhiteElo "2410"]
[BlackElo "2200"]

1.d4 d5 2.c4 c6 3.Nf3 Nf6 4.Nc3 a6 5.a4 e6 6.g3 Bb4 7.Qb3 Qa5 8.Bd2 Nbd7
9.Bg2 O-O 10.O-O Nb6 11.c5 Nbd7 12.Bf4 b6 13.Na2 bxc5 14.Rfc1 Ne8 15.Nxb4 Qxb4
16.Qxb4 cxb4 17.Rxc6 Bb7 18.Rc2 a5 19.Kf1 f6 20.h4 Kf7 21.Bh3 Ke7 22.Nd2 h6
23.h5 Ra7 24.Rac1 Nd6 25.Rc7 Ne8 26.R7c2 Nd6 27.Nf3 Rfa8 28.Nh4 Ne8 29.Ng6+ Kf7
30.b3 Ra6 31.Ke1 Rb6 32.Bf1 Ba6 33.Bc7 Nxc7 34.Rxc7 Rb7 35.Rxb7 Bxb7 36.Rc7 Bc8
37.e3 Ke8 38.Nf4 Ke7 39.Bb5 Rb8 40.Kd2 Ra8 41.Kc2 Rb8 42.Kd3 Ra8 43.Kd2 Rb8
44.Ra7 Bb7 45.Rxa5 Nb6 46.Nd3 Nc8 47.Nxb4 Nd6 48.Bd3 Ba8 49.Ra7+ Kf8 50.Na6  1-0

[Event "Kavala op"]
[Site "Kavala"]
[Date "1995.??.??"]
[Round "6"]
[White "Tsorbatzoglou, Theodoros"]
[Black "Argiroudis, Stamatis"]
[Result "1-0"]
[WhiteElo "2310"]
[BlackElo "2190"]

1.d4 Nf6 2.Nf3 d5 3.c4 c6 4.Nc3 a6 5.Ne5 Nbd7 6.Bf4 e6 7.e3 Be7 8.Bd3 O-O
9.O-O Re8 10.Rc1 Nxe5 11.dxe5 Nd7 12.cxd5 exd5 13.Nxd5 Nxe5 14.Nxe7+ Qxe7
15.Bb1 Ng6 16.Bg3 Be6 17.Qa4 b5 18.Qa5 Bd5 19.e4 Bc4 20.Rfe1 h5 21.h3 h4
22.Bh2 Qg5 23.Rxc4  1-0

[Event "Platonov mem"]
[Site "Kiev"]
[Date "1995.??.??"]
[Round "3"]
[White "Mikhalevski, Victor"]
[Black "Sergeev, Vladimir"]
[Result "1-0"]
[WhiteElo "2495"]
[BlackElo "2415"]

1.d4 Nf6 2.c4 c6 3.Nf3 d5 4.Nc3 a6 5.c5 Nbd7 6.Bf4 Nh5 7.Bd2 g6 8.e4 dxe4
9.Nxe4 Bg7 10.Bc4 O-O 11.O-O Ndf6 12.Nxf6+ Bxf6 13.Qb3 Qc7 14.Rfe1 Ng7 15.Bh6 e6
16.Bg5 Bxg5 17.Nxg5 Qd8 18.Nf3 Nf5 19.Qc3 Qf6 20.Re4 Rd8 21.Rf4 Bd7 22.Re1 h5
23.h3 h4 24.Re5 Be8 25.Nxh4 g5 26.Rfxf5 exf5 27.Nxf5 Rd7 28.d5 Kh7 29.d6 b5
30.Bd3 b4 31.Ne7+ Kh8 32.Rxg5  1-0

[Event "Platonov mem"]
[Site "Kiev"]
[Date "1995.??.??"]
[Round "12"]
[White "Mochalov, Evgeny V"]
[Black "Sergeev, Vladimir"]
[Result "1-0"]
[WhiteElo "2470"]
[BlackElo "2415"]

1.d4 Nf6 2.c4 c6 3.Nc3 d5 4.Nf3 a6 5.Ne5 g6 6.Bf4 Bg7 7.e3 O-O 8.Be2 dxc4
9.Nxc4 Be6 10.O-O Nbd7 11.Bg3 Re8 12.Rc1 Rc8 13.b4 Bxc4 14.Bxc4 Nb6 15.Qb3 e6
16.Be2 Nbd5 17.Bf3 Nxc3 18.Rxc3 Nd5 19.Rc2 h5 20.h3 Bf8 21.a3 Qb6 22.Rb1 Red8
23.Bh4 Rd7 24.Rc4 Ra8 25.a4 Nc7 26.Bg3 Bd6 27.Bxd6 Rxd6 28.Rc5 Rad8 29.Qc2 Nd5
30.b5 cxb5 31.axb5 a5 32.Ra1 R6d7 33.Qa4 Nb4 34.Rc4 Nd5 35.Qxa5 Qd6 36.Qa3 Qb8
37.Rac1 Nb6 38.Rc5 Nd5 39.Qb3 Kg7 40.Qb2 Kg8 41.Qc2 Qa7 42.Rc8 Qb6 43.Qc5 Rxc8
44.Qxc8+ Rd8 45.Qc5 Qa5 46.e4 b6 47.Qc4 Ne7 48.Qd3 e5 49.d5 Nc8 50.Qe3 Qxb5
51.Bxh5 Qe8 52.Bf3 Qe7 53.Rc6 b5 54.g3 Nd6 55.Qc5 Qf6 56.Kg2 Rd7 57.h4 Kg7
58.Qb4 Qd8 59.Bg4 f5 60.exf5 gxf5 61.Bxf5  1-0

[Event "Kurgan"]
[Site "Kurgan"]
[Date "1995.??.??"]
[Round "9"]
[White "Sherbakov, Ruslan"]
[Black "Komliakov, Viktor"]
[Result "1-0"]
[WhiteElo "2520"]
[BlackElo "2535"]

1.d4 d5 2.c4 c6 3.Nf3 Nf6 4.Nc3 a6 5.c5 g6 6.Bf4 Nh5 7.Be5 f6 8.Bg3 Nxg3
9.hxg3 Bg7 10.e4 dxe4 11.Nxe4 Be6 12.Bd3 Bd5 13.Qe2 O-O 14.Nc3 Nd7 15.Nxd5 cxd5
16.Qe6+ Rf7 17.Qxd5 e6 18.Qb3 Qa5+ 19.Ke2 Re8 20.Rhe1 Rfe7 21.Kf1 Kf8 22.Bc4 e5
23.Qxb7  1-0

[Event "La Coruna TH op"]
[Site "La Coruna"]
[Date "1995.??.??"]
[Round "5"]
[White "Adla, Diego"]
[Black "Paunovic, Tomislav"]
[Result "0-1"]
[WhiteElo "2440"]
[BlackElo "2405"]

1.d4 Nf6 2.Nf3 d5 3.c4 c6 4.Nc3 a6 5.Ne5 Nbd7 6.Bf4 e6 7.e3 Nxe5 8.Bxe5 Be7
9.Bd3 O-O 10.O-O b5 11.cxd5 cxd5 12.Rc1 Bd6 13.e4 dxe4 14.Nxe4 Nxe4 15.Bxe4 Rb8
16.Bxh7+ Kxh7 17.Qh5+ Kg8 18.Bxg7 Kxg7 19.Qg4+ Kf6 20.Rc3 Ke7  0-1

[Event "Lazne Bohdanec (Women)"]
[Site "Lazne Bohdanec"]
[Date "1995.??.??"]
[Round "?"]
[White "Baginskaite, Kamile"]
[Black "Svobodova, Michaela"]
[Result "1-0"]
[WhiteElo "2335"]
[BlackElo "2120"]

1.d4 d5 2.c4 c6 3.Nf3 Nf6 4.Nc3 a6 5.g3 b5 6.cxd5 cxd5 7.Bg2 e6 8.O-O Nbd7
9.Ne5 Bb7 10.Nd3 Ne4 11.Nxe4 dxe4 12.Be3 Rc8 13.Rc1 exd3 14.Bxb7 Rxc1 15.Qxc1 dxe2
16.Re1 Bb4 17.Rxe2 O-O 18.Rc2 Nf6 19.a3 Qb6 20.Bg2 Be7 21.Rc7 Bd8 22.Rc6 Qa5
23.Bd2 Qa4 24.Bb4 Re8 25.Bf3 Qb3 26.Rc3 Qa2 27.Bc6 a5 28.Bxe8 axb4 29.Rc8 Qd5
30.Qc7 Nxe8 31.Rxd8 Kf8 32.Qc8  1-0

[Event "Leeuwarden op"]
[Site "Leeuwarden"]
[Date "1995.??.??"]
[Round "5"]
[White "Chuchelov, Vladimir"]
[Black "Lingnau, Carsten"]
[Result "1-0"]
[WhiteElo "2550"]
[BlackElo "2400"]

1.d4 d5 2.c4 c6 3.Nf3 Nf6 4.Nc3 a6 5.e3 b5 6.b3 Bg4 7.Be2 e5 8.O-O Nbd7 9.Bb2 Be7
10.Nxe5 Bxe2 11.Nxe2 Nxe5 12.dxe5 Nd7 13.cxd5 cxd5 14.Nf4 O-O 15.Qg4 Rc8
16.Rfc1 Rxc1+ 17.Rxc1 Kh8 18.Bd4 Qa8 19.Ne6 fxe6 20.Qxe6 Qd8 21.Qxa6 b4 22.f4 Nc5
23.Rxc5 Bxc5 24.Bxc5 Kg8 25.h3 d4 26.Bxd4 Qd5 27.f5 h6 28.Qg6  1-0

[Event "Linares zt"]
[Site "Linares"]
[Date "1995.??.??"]
[Round "8"]
[White "Gomez Esteban, Juan Mario"]
[Black "Hodgson, Julian M"]
[Result "0-1"]
[WhiteElo "2425"]
[BlackElo "2590"]

1.d4 Nf6 2.Nf3 d5 3.c4 c6 4.Nc3 a6 5.h3 Bf5 6.Bf4 dxc4 7.a4 Nbd7 8.Nh4 Be4
9.f3 e5 10.dxe5 Nh5 11.Nxe4 Nxf4 12.Nf5 Nxe5 13.Ned6+ Bxd6 14.Qxd6 Qxd6 15.Nxd6+ Ke7
16.Nxb7 Rab8 17.Na5 g5 18.Rc1 Rxb2 19.Nxc4 Nxc4 20.Rxc4 Kd6 21.g3 Nd5 22.Kf2 Re8
23.Rd4 c5 24.Rd1 c4 25.h4 g4 26.fxg4 Kc5 27.Rc1 c3 28.g5 Kb4 29.Kf3 Re3+
30.Kg4 c2 31.Bg2 Nc3 32.Bf3 Na2 33.Kh5 Nxc1 34.Rxc1 Kc3 35.Kh6 Kd2 36.Rxc2+ Rxc2
37.Kxh7 Re5 38.Kg7 Rc7 39.Kf6 Re6+ 40.Kg7 f5+ 41.Kf8 Rb6 42.h5 Rb8+  0-1

[Event "Litomysl op"]
[Site "Litomysl"]
[Date "1995.??.??"]
[Round "4"]
[White "Polak, Petr"]
[Black "Koutsin, Sergey"]
[Result "0-1"]
[WhiteElo "2085"]
[BlackElo "2455"]

1.d4 d5 2.Nf3 Nf6 3.c4 c6 4.Nc3 a6 5.cxd5 cxd5 6.Bf4 Nc6 7.e3 Bg4 8.Bd3 e6
9.O-O Be7 10.Rc1 O-O 11.a3 Rc8 12.b4 b5 13.Qb3 Bxf3 14.gxf3 Nd7 15.Qb1 Kh8
16.Kh1 Nb6 17.Rg1 f5 18.Ne2 Bf6 19.Rcd1 g5 20.Bg3 Qd7 21.Be5 Nxe5 22.dxe5 Bxe5
23.Rxg5 Qe7 24.f4 Bf6 25.Rgg1 Nc4 26.Bxc4 dxc4 27.e4 Rcd8 28.e5 Qb7+ 29.Rg2 Rxd1+
30.Qxd1 Rd8 31.Qe1 Bh4 32.Kg1 Qf3 33.Kf1 Rd3 34.Qc1 c3 35.Qc2 Rd2  0-1

[Event "Litomysl op"]
[Site "Litomysl"]
[Date "1995.??.??"]
[Round "7"]
[White "Husek, Zdenek"]
[Black "Petek, Pavel"]
[Result "1-0"]
[WhiteElo "2255"]
[BlackElo "2065"]

1.d4 d5 2.c4 c6 3.Nf3 Nf6 4.Nc3 a6 5.cxd5 cxd5 6.Bf4 e6 7.e3 Bb4 8.Bd3 O-O
9.O-O Nc6 10.Rc1 Bd7 11.a3 Bxc3 12.Rxc3 Ne4 13.Bxe4 dxe4 14.Ng5 f5 15.d5 Ne7
16.Nxe6 Bxe6 17.dxe6 Qxd1 18.Rxd1 Rfd8 19.Rcc1 Nc6 20.h3 Kf8 21.Bd6+ Ke8
22.g4 fxg4 23.hxg4 Rac8 24.Rc4 Ne5 25.Rxe4 Nc4 26.Red4 Rc6 27.Be5 Rxd4 28.Bxd4 Rxe6
29.Kg2 Kf7 30.Rh1 h6 31.Rh5 g5 32.Rh1 b5 33.Rc1 Ke7 34.Kg3 Kd6 35.Bg7 Ne5
36.Rd1+ Kc5 37.Rd8 a5 38.Rh8 Nf7 39.Rc8+ Kd5 40.Bf8 Ke4 41.Rb8 Re5 42.Rb7 Nd8
43.Rb6 Ne6 44.Bxh6 Kd3 45.Rc6 a4 46.Rc3+ Kd2 47.f4 Rc5 48.Rxc5 Nxc5 49.fxg5 Kxe3
50.g6+ Kd4 51.g7 Ne4+ 52.Kf4 Nf6 53.Bg5 Ng8 54.Kf5 Kd5 55.Kg6 Ke6 56.Kh7 Kf7
57.Kh8  1-0

[Event "POL-chT"]
[Site "Lubniewice"]
[Date "1995.??.??"]
[Round "5"]
[White "Jaworski, Miroslaw"]
[Black "Lukasiewicz, Grzegorz"]
[Result "1-0"]
[WhiteElo "2360"]
[BlackElo "2345"]

1.d4 d5 2.c4 c6 3.Nf3 Nf6 4.Nc3 a6 5.e3 g6 6.Be2 Bg7 7.O-O O-O 8.b3 c5 9.Bb2 dxc4
10.Bxc4 Nc6 11.dxc5 Nd7 12.Nd4 Nce5 13.Be2 Nxc5 14.b4 Ne6 15.Nb3 Bd7 16.f4 Nc6
17.a3 Nc7 18.Nc5 Bc8 19.Qc1 e5 20.Rd1 Qe7 21.N3e4 Ne6 22.Nxe6 Bxe6 23.Nc5 exf4
24.Bxg7 Kxg7 25.Qc3+ Kg8 26.exf4 Rac8 27.Bf3 a5 28.Rac1 axb4 29.axb4 Rfd8
30.Bxc6 Rxc6 31.Qe5 Rdc8 32.f5 f6 33.Qe2 gxf5 34.Rc3 f4 35.Rd7 Qe8 36.Rxb7 Qg6
37.Qd3 Qh5 38.Ne4 Rxc3 39.Nxf6+  1-0

[Event "POL-chT"]
[Site "Lubniewice"]
[Date "1995.??.??"]
[Round "9"]
[White "Ivanov, Sergey"]
[Black "Chekhov, Valery A"]
[Result "1-0"]
[WhiteElo "2545"]
[BlackElo "2500"]

1.d4 d5 2.c4 c6 3.Nf3 Nf6 4.Nc3 a6 5.Bg5 Ne4 6.h4 b5 7.cxd5 cxd5 8.e3 Qa5
9.Bd3 Nxc3 10.Qd2 b4 11.bxc3 bxc3 12.Qc2 Bd7 13.O-O Ba4 14.Qe2 Nc6 15.a3 h6
16.Bf4 e6 17.Rfb1 Be7 18.Rb7 Qd8 19.Rc1 Ra7 20.Rxa7 Nxa7 21.Rxc3 Nb5 22.Rc6 Qa8
23.Rb6 O-O 24.Ne5 Qa7 25.Bxh6 Qxb6 26.Qg4 Bf6 27.Nd7 Qd8 28.Nxf6+ Qxf6 29.Bg5 Qxg5
30.Qxg5 Nxa3 31.h5  1-0

[Event "CRO-chT"]
[Site "Makarska Tucepi"]
[Date "1995.??.??"]
[Round "?"]
[White "Franic, Milan"]
[Black "Samovojska, Damir"]
[Result "1-0"]
[WhiteElo "2385"]
[BlackElo "2355"]

1.d4 d5 2.c4 c6 3.Nc3 Nf6 4.Nf3 a6 5.c5 g6 6.Bf4 Bg7 7.h3 O-O 8.e3 Nbd7 9.Be2 Ne8
10.b4 Nc7 11.O-O Re8 12.Bg5 f6 13.Bh4 e5 14.dxe5 g5 15.Bg3 fxe5 16.e4 d4
17.Bc4+ Kh8 18.Na4 Ne6 19.Bxe6 Rxe6 20.Nd2 Nf6 21.Nb6 Rb8 22.Re1 Qe8 23.Ndc4 Bf8
24.Nxe5 Rxe5 25.Qxd4 Re6 26.Bxb8 Bg7  1-0

[Event "CRO-chT"]
[Site "Makarska Tucepi"]
[Date "1995.??.??"]
[Round "?"]
[White "Gazarek, Danko"]
[Black "Petrovic, Slobodan"]
[Result "1-0"]
[WhiteElo "2330"]
[BlackElo "2280"]

1.d4 d5 2.Nf3 Nf6 3.c4 c6 4.Nc3 a6 5.c5 g6 6.Bf4 Bg7 7.h3 O-O 8.e3 Nbd7 9.Bd3 Re8
10.Bh2 b6 11.b4 a5 12.b5 Bb7 13.bxc6 Bxc6 14.cxb6 Ne4 15.Bc7 Qc8 16.Rc1 Qb7
17.Qb3 Rac8 18.O-O a4 19.Nxa4 Nd6 20.Nc5 Nxc5 21.Rxc5 Ra8 22.Rfc1 Nc4 23.Bxc4 dxc4
24.Qxc4 Bxf3 25.gxf3 Qxf3 26.Qd5 Qe2 27.R5c2  1-0

[Event "CRO-chT"]
[Site "Makarska Tucepi"]
[Date "1995.??.??"]
[Round "?"]
[White "Bozinovic, Bogdan"]
[Black "Bukal, Vladimir Sr"]
[Result "1-0"]
[WhiteElo "2240"]
[BlackElo "2430"]

1.d4 d5 2.c4 c6 3.Nf3 Nf6 4.Nc3 a6 5.e3 e6 6.Qc2 Bd6 7.Be2 O-O 8.O-O Nbd7
9.e4 dxe4 10.Nxe4 Nxe4 11.Qxe4 c5 12.Bd3 Nf6 13.Qh4 cxd4 14.Bg5 h6 15.Bxh6 Re8
16.Bg5 Be7 17.Ne5 Bd7 18.f4 Bc6 19.Rae1 Qd6 20.Nxc6 bxc6 21.Rf3 Bd8 22.Re5 c5
23.Rg3 Kf8 24.Qh8+ Ng8 25.Qxg7+  1-0

[Event "CRO-chT"]
[Site "Makarska Tucepi"]
[Date "1995.??.??"]
[Round "?"]
[White "Topalovic, Zlatko"]
[Black "Zaja, Ivan"]
[Result "1-0"]
[WhiteElo "2315"]
[BlackElo "2400"]

1.Nf3 d5 2.d4 c6 3.c4 Nf6 4.Nc3 a6 5.c5 g6 6.Bf4 Nbd7 7.h3 Bg7 8.e3 O-O 9.Be2 Ne8
10.O-O Nc7 11.Qb3 e5 12.Nxe5 Nxe5 13.Bxe5 Bxe5 14.dxe5 Qe7 15.f4 Qxc5 16.Na4 Qe7
17.Nb6 Rb8 18.Nxc8 Rfxc8 19.Bg4 Rd8 20.Rae1 a5 21.e4 Qb4 22.Qg3 dxe4 23.f5 Rd3
24.Qh2 Rf8 25.e6 Qd4+ 26.Kh1 Nd5 27.fxg6 hxg6 28.Rxf7 Rxf7 29.exf7+ Kxf7
30.Rf1+ Kg7 31.Qd6 Kh6 32.Rf7 e3 33.h4 Qh8 34.Be2 Qg8 35.Rf8  1-0

[Event "CRO-chT"]
[Site "Makarska Tucepi"]
[Date "1995.??.??"]
[Round "?"]
[White "Petek Medic, Mirjana"]
[Black "Macek, Vlasta"]
[Result "1/2-1/2"]
[WhiteElo "2360"]
[BlackElo "2255"]

1.d4 d5 2.c4 c6 3.Nf3 Nf6 4.Nc3 a6 5.cxd5 cxd5 6.Bf4 Nc6 7.e3 e6 8.Rc1 Be7
9.h3 O-O 10.Bd3 Bd7 11.O-O b5 12.Ne5 Nxe5 13.dxe5 Ne8 14.Ne2 g6 15.Nd4 Qb6
16.Qd2 Ng7 17.Rc2 Rfc8 18.Rfc1 Ne8 19.b4 Rxc2 20.Rxc2 Rc8 21.Rxc8 Bxc8 22.Nb3 Qc7
23.a3 Bf8 24.Bg3 Bg7 25.f4 f6 26.exf6 Bxf6 27.Nc5 Ng7 28.Bf2 Nf5 29.e4 dxe4
30.Bxe4 Qd6 31.Bd3 Bg7 32.Qc1 Ne7 33.Be4 e5 34.fxe5 Bxe5  1/2-1/2

[Event "Malmo"]
[Site "Malmo"]
[Date "1995.??.??"]
[Round "1"]
[White "Vescovi, Giovanni"]
[Black "Hellsten, Johan"]
[Result "1/2-1/2"]
[WhiteElo "2465"]
[BlackElo "2420"]

1.d4 d5 2.c4 c6 3.Nf3 Nf6 4.Nc3 a6 5.Ne5 g6 6.g3 Bg7 7.Bg2 O-O 8.O-O dxc4
9.Nxc4 Be6 10.Ne5 Nbd7 11.Nd3 Bc4 12.b3 Bxd3 13.Qxd3 e5 14.dxe5 Nxe5 15.Qc2 Qe7
16.Bb2 Rad8 17.Rad1 Rxd1 18.Rxd1 Rd8 19.h3 Rxd1+ 20.Nxd1 Ne8 21.f4 Nd7 22.Bc1 Qc5+
23.Qxc5 Nxc5 24.Ba3 Bf8 25.e4 Nd3 26.Bxf8 Kxf8 27.Bf1 Nc5 28.e5 f6 29.exf6 Nxf6
30.Kg2 Nce4 31.Bd3 Ke7 32.Kf3 Nd6 33.Ne3 a5 34.g4 Nd7 35.g5 Nc5 36.Bb1 Ne6
37.h4 Ng7 38.Kg4 Ke6 39.h5 Nxh5 40.f5+ Kf7 41.Ng2 Ng7 42.fxg6+ hxg6 43.Nh4 Nb5
44.Bxg6+ Kf8 45.Kf4 Nc3 46.a3 Ne6+ 47.Kf5 Nd4+ 48.Ke5 Nxb3 49.Nf5 Nd2 50.Bh5 Nd5
51.Be2 b5 52.Bxb5 cxb5 53.Kxd5 b4 54.axb4 axb4 55.Nd4  1/2-1/2

[Event "Marostica op"]
[Site "Marostica"]
[Date "1995.??.??"]
[Round "4"]
[White "Torelli, Mirco"]
[Black "Coppini, Giorgio"]
[Result "1-0"]
[WhiteElo "2000"]
[BlackElo "2160"]

1.d4 d5 2.c4 c6 3.Nf3 Nf6 4.Nc3 a6 5.e3 Nbd7 6.Bd3 g6 7.O-O Bg7 8.cxd5 Nxd5
9.e4 Nc7 10.h3 O-O 11.a4 e5 12.Bg5 f6 13.Bc4+ Kh8 14.Be3 exd4 15.Bxd4 Qe7
16.Qb3 b5 17.axb5 axb5 18.Rxa8 Nxa8 19.Be2 b4 20.Na4 c5 21.Nxc5 Nc7 22.Qxb4 Ne6
23.Rc1 Nxd4 24.Nxd4 f5 25.exf5 gxf5 26.Bb5 Nxc5 27.Rxc5 Qe4 28.Rc4 Qb1+ 29.Kh2 Bb7
30.Bc6 Qf1 31.Ne6 Bxc6 32.Rxc6 Be5+ 33.f4 Rg8 34.Rc2 Bf6  1-0

[Event "Moscow PCA-Intel qual"]
[Site "Moscow"]
[Date "1995.??.??"]
[Round "1"]
[White "Giorgadze, Giorgi"]
[Black "Epishin, Vladimir"]
[Result "1/2-1/2"]
[WhiteElo "2590"]
[BlackElo "2635"]

1.d4 Nf6 2.c4 c6 3.Nc3 d5 4.Nf3 a6 5.c5 g6 6.h3 Bg7 7.Bf4 O-O 8.e3 Nbd7 9.Be2 Ne8
10.O-O Nc7 11.Bg3 Re8 12.Na4 f6 13.Qb3 Kh8 14.Rfd1 e5 15.dxe5 fxe5 16.e4 Qe7
17.Rac1 d4 18.Nb6 Nxc5 19.Qc2 Nd7 20.Nxa8 Nxa8 21.Qd2 c5 22.a4 b6 23.Bc4  1/2-1/2

[Event "Moscow5"]
[Site "Moscow"]
[Date "1995.??.??"]
[Round "1"]
[White "Mitenkov, Alexey"]
[Black "Chekhov, Valery A"]
[Result "1/2-1/2"]
[WhiteElo "2430"]
[BlackElo "2500"]

1.d4 d5 2.Nf3 Nf6 3.c4 c6 4.Nc3 a6 5.cxd5 cxd5 6.Ne5 Nbd7 7.Bf4 e6 8.e3 Nxe5
9.Bxe5 Bd6 10.Bd3 Bxe5 11.dxe5 Nd7 12.f4 Qb6 13.Qd2 Nc5 14.Bb1 Bd7 15.O-O g6
16.Rf3 Na4 17.Nxa4 Bxa4 18.Bd3 Rc8 19.Re1 Rc5 20.Qf2 Qc7 21.e4 dxe4 22.Bxe4 O-O
23.h4 Rd8 24.Kh2 Bc2 25.Rc1 Rc8 26.Rxc2 Rxc2 27.Bxc2 Qxc2 28.Qxc2 Rxc2 29.Rb3  1/2-1/2

[Event "Moscow op"]
[Site "Moscow"]
[Date "1995.??.??"]
[Round "5"]
[White "Rytshagov, Mikhail"]
[Black "Ivanov, Victor L"]
[Result "0-1"]
[WhiteElo "2330"]
[BlackElo "2460"]

1.d4 d5 2.c4 c6 3.Nf3 Nf6 4.Nc3 a6 5.a4 g6 6.Bf4 Bg7 7.e3 O-O 8.h3 c5 9.dxc5 Qa5
10.Qd2 dxc4 11.Bxc4 Qxc5 12.Qe2 Nh5 13.Bh2 Be6 14.Nd2 Bxc4 15.Qxc4 Nd7 16.Nd5 e6
17.Nc7 Rac8 18.Rc1 Qa5 19.b4 Qxa4 20.O-O Ne5 21.Qe4 Nc6 22.Nc4 Nf6 23.Qh4 Nd7
24.Rcd1 Nce5 25.Bxe5 Bxe5 26.Qe7 Bxc7 27.Qxd7 Qxb4 28.Nd6 Bxd6 29.Rxd6 Qc5
30.Rfd1 Rc7 31.Qa4 Kg7 32.Qa1+ Qc3 33.Qa2 Rfc8 34.Rb6 Qf6 35.Qb3 Rc2 36.Rf1 Rxf2  0-1